К вопросу о способе передвижения более грубых осадков вдоль берегов водных бассейнов; Известия Томского политехнического университета [Известия ТПУ]; Т. 306, № 7
| Parent link: | Известия Томского политехнического университета [Известия ТПУ]/ Томский политехнический университет (ТПУ).— , 2000- Т. 306, № 7.— 2003.— [С. 72-77] |
|---|---|
| Автор: | |
| Резюме: | Заглавие с титульного листа Электронная версия печатной публикации Из журнала "Известия Томского технологического института". - 1909. - Т. 13. - № 1. - С. 1-12. Опубликованы наблюдения и основанные на них теоретические рассуждения по вопросу перемещения грубых материалов вдоль берегов. |
| Мова: | Російська |
| Опубліковано: |
2003
|
| Серія: | Избранные статьи из фондов журнала Естественные науки |
| Предмети: | |
| Онлайн доступ: | http://www.lib.tpu.ru/fulltext/v/Bulletin_TPU/2003/v306/i7/14.pdf |
| Формат: | MixedMaterials Електронний ресурс Частина з книги |
| KOHA link: | https://koha.lib.tpu.ru/cgi-bin/koha/opac-detail.pl?biblionumber=168229 |
MARC
| LEADER | 00000nla2a2200000 4500 | ||
|---|---|---|---|
| 001 | 168229 | ||
| 005 | 20231031163037.0 | ||
| 035 | |a (RuTPU)RU\TPU\book\182523 | ||
| 035 | |a RU\TPU\book\182512 | ||
| 090 | |a 168229 | ||
| 100 | |a 20091026d2003 k y0rusy50 ca | ||
| 101 | 0 | |a rus | |
| 102 | |a RU | ||
| 135 | |a drnn ---uucaa | ||
| 181 | 0 | |a i | |
| 182 | 0 | |a b | |
| 200 | 1 | |a К вопросу о способе передвижения более грубых осадков вдоль берегов водных бассейнов |b Электронный ресурс |f В. А. Обручев | |
| 203 | |a Текст |c электронный | ||
| 215 | |a 1 файл (207 Кб) | ||
| 225 | 1 | |a Избранные статьи из фондов журнала | |
| 225 | 1 | |a Естественные науки | |
| 230 | |a Электронные текстовые данные (1 файл : 207 Кб) | ||
| 300 | |a Заглавие с титульного листа | ||
| 300 | |a Электронная версия печатной публикации | ||
| 300 | |a Из журнала "Известия Томского технологического института". - 1909. - Т. 13. - № 1. - С. 1-12. | ||
| 330 | |a Опубликованы наблюдения и основанные на них теоретические рассуждения по вопросу перемещения грубых материалов вдоль берегов. | ||
| 337 | |a Adobe Reader | ||
| 461 | 1 | |0 (RuTPU)RU\TPU\book\176237 |t Известия Томского политехнического университета [Известия ТПУ] |f Томский политехнический университет (ТПУ) |d 2000- | |
| 463 | 1 | |0 (RuTPU)RU\TPU\book\182431 |t Т. 306, № 7 |v [С. 72-77] |d 2003 |p 222 с. | |
| 610 | 1 | |a труды учёных ТПУ | |
| 610 | 1 | |a электронный ресурс | |
| 610 | 1 | |a водные бассейны | |
| 610 | 1 | |a валуны | |
| 610 | 1 | |a галька | |
| 610 | 1 | |a пески | |
| 610 | 1 | |a берега | |
| 610 | 1 | |a результаты наблюдений | |
| 700 | 1 | |a Обручев |b В. А. |c российский геолог |c профессор Томского технологического института |c исследователь Сибири, Центральной и Средней Азии |c географ |f 1863-1956 |g Владимир Афанасьевич |2 stltpush |3 (RuTPU)RU\TPU\pers\996 | |
| 801 | 1 | |a RU |b 63413507 |c 20090623 |g PSBO | |
| 801 | 2 | |a RU |b 63413507 |c 20131014 |g PSBO | |
| 856 | 4 | |u http://www.lib.tpu.ru/fulltext/v/Bulletin_TPU/2003/v306/i7/14.pdf | |
| 942 | |c CF | ||